| 000 | 01053pam a2200301 a 4500 | ||
|---|---|---|---|
| 001 | 1637467 | ||
| 003 | NUST | ||
| 005 | 20220723151317.0 | ||
| 008 | 961122r19971990njua 001 0 eng | ||
| 010 | _a 96051684 | ||
| 020 | _a1564142868 (pbk.) | ||
| 038 | _aAzhar | ||
| 040 |
_aDLC _cDLC _dDLC |
||
| 050 | 0 | 0 |
_aPN6081 _b.G6354 1997 |
| 082 | 0 | 0 |
_a808.88 _221 _bGRE |
| 245 | 0 | 0 |
_aGreat quotes from great leaders _ccompiled by Peggy Anderson ; illustrated by Michael McKee. |
| 260 |
_aFranklin Lakes, NJ : _bCareer Press, _cc1997. |
||
| 300 |
_a126 p. : _bill. ; _c16 cm. |
||
| 440 | 0 |
_aSuccessories _994637 |
|
| 500 | _aOriginally published: Lombard, Ill. : Great Quotations Pub. Co., c1990. | ||
| 500 | _aIncludes index. | ||
| 563 | _aPB | ||
| 650 | 0 |
_aQuotations. _994638 |
|
| 700 | 1 |
_aAnderson, Peggy _q(Peggy M.) _994639 |
|
| 906 |
_a7 _bcbc _corignew _d1 _eocip _f19 _gy-gencatlg |
||
| 942 |
_2ddc _cLC |
||
| 999 |
_c590525 _d590525 |
||